Municipalities of Imereti (Map Quiz) - Statistics

General Stats
  • This quiz has been taken 10 times
  • The average score is 9 of 12
Answers on the Map
Answers color-coded by a green-red scale on the quiz's map according to % correct below.
 
Answer Stats
Answer % Correct
Baghdati
100%
Chiatura
100%
Khoni
100%
Kutaisi
100%
Vani
100%
Kharagauli
67%
Samtredia
67%
Terjola
67%
Zestafoni
67%
Sachkhere
33%
Tsyaltubo
33%
Tyibuli
33%
No matching quizzes found
Score Distribution
Percent of People with Each Score
Percentile by Number Answered
Your Score History
You have not taken this quiz